000 00540nam a22001697a 4500
003 OSt
005 20251028124410.0
008 251028b |||||||| |||| 00| 0 eng d
040 _cMRSPTU
041 _aENG
100 _aAmandeep Singh
245 _aDevelopment Characterization and Evaluation of Mesalamine Loaded Probiotic Based Microcarriers for the Management of Ulcerative Colitis
260 _aBathinda
_bMRSPTU
_c2023
650 _aPharmacy
856 _uhttp://163.47.215.52:8080/jspui/handle/123456789/837
942 _2ddc
_cTH
_n0
999 _c10602
_d10602